000 01885nam a2200421 c 4500
999 _c41505
_d41505
003 BLK
005 20240613120437.0
008 180408b bul|||||r ||||||| ||bul||
010 _aKNG00045070000
020 _a978-954-28-0855-8
040 _aBLK
041 _aBUL
_cBUL
072 7 _2bullib
_aН92
_xИстория Н
080 _aИстория на Втората световна война (1939-1945)
_b94(100)"1939/1945"
_z94(100)"1939/1945"
080 _aИкономическо положение. Икономическа политика. Управление. Планиране. Производство. Услуги. Цени
_b338
_x(430)(091)
_z338(430)(091)
100 1 _aТуз, Адам
_eпърви автор
_9131693
139 _aТуз, Адам
_bТ 88
245 1 0 _aИкономика на Третия Райх
_cАдам Туз; прев. от англ. Константин Георгиев Янакиев.
257 _aGBR
260 _bCiela Soft and Publ.
_c2010
300 _a660 с.
_c21 см
380 _a9
500 _aОриг. загл. The making breaking of the nazy economiy / Adam Tooze. - Библиогр. с. 635-658.
650 4 _aВтора световна война
_9266732
650 4 _aГермания - стопанска история
_9277779
653 _aТрети райх
653 _aВтора световна война
653 _aстопанска история
659 _aН
700 1 _aЯнакиев, Константин Георгиев
_d1959 -
_gФилософ. Преводач от английски, немски и френски език.
_9145408
852 _aЦб 254191
856 4 _qpdf
856 4 _qpdf
942 _cKNG
_n0
_01
_s1
944 _aCR
_c29.12.2011
_k30560
_lГеновева Генчева
944 _aED
_c14.08.2012
999 _d41505